|
|
|
|
| LEADER |
00000nab a2200000 a 4500 |
| 001 |
vtls000196566 |
| 003 |
SK-MaSNL |
| 005 |
20260305042359.0 |
| 008 |
250422c1984 xo 0 slo |
| 015 |
|
|
|a SNBRB19rr/mm-uuuuu
|
| 035 |
|
|
|a CL0206679
|
| 035 |
|
|
|a urn:nbn:sk:snk-ab2ise
|
| 035 |
|
|
|a (urnnbn)urn:nbn:sk:snk:ar-a02h8t
|
| 035 |
|
|
|a (uuid)72f0a7c9-cf68-42c1-a9ff-222580bfa8f1
|
| 040 |
|
|
|a SNKBUCL
|b slo
|c SNKBUCL
|e AACR2
|
| 041 |
0 |
|
|a slo
|
| 044 |
|
|
|a xo
|c SK
|
| 080 |
|
|
|a 69(430.1)
|2 1981
|
| 100 |
1 |
|
|a Trojan, Samuel
|4 aut
|9 1149483
|
| 245 |
1 |
0 |
|a Štrukturálne zmeny v západonemeckom stavebníctve a niektoré poznatky pre náš rozvojový mechanizmus
|c Samuel Trojan
|
| 300 |
|
|
|b Lit. 2 zázn. v nem.
|
| 650 |
0 |
7 |
|a stavebníctvo
|2 snkbucl
|9 726
|
| 655 |
|
7 |
|a články z novín a časopisov
|2 snkbucl
|9 267496
|
| 773 |
0 |
|
|t Ekonomika stavebníctva
|g Roč. 19, č. 7 (1984), s. 214-218
|
| 850 |
|
|
|a Slovenská národná knižnica
|
| 852 |
|
|
|a Slovenská národná knižnica
|
| 954 |
|
|
|a odborná, vedecká literatúra pôvodná (slovenská)
|2 lita
|
| 958 |
|
|
|a article27
|
| 958 |
|
|
|a RK
|
| 958 |
|
|
|a OND
|
| 958 |
|
|
|a EUIPO
|
| 992 |
|
|
|a RBX
|
| 999 |
|
|
|c 3348813
|d 3350743
|